[Event "Mecklenburg VP LL2 Ost 1011"]
[Site "Mecklenburg VP"]
[Date "2011.04.10"]
[Round "9.4"]
[White "Heyden, Wolfgang"]
[Black "Pelnar, Helmut"]
[Result "1/2-1/2"]
[WhiteElo "1735"]
[BlackElo "1821"]
[PlyCount "58"]
[EventDate "2010.10.10"]
[EventType "team-tourn"]
[EventRounds "9"]
[EventCountry "GER"]
[SourceTitle "EXT 2022"]
[Source "ChessBase"]
[SourceDate "2021.10.06"]
[SourceVersion "1"]
[SourceVersionDate "2021.10.06"]
[SourceQuality "1"]
[WhiteTeam "Ribnitz Damgarten"]
[BlackTeam "Waren ESV"]
[WhiteTeamCountry "GER"]
[BlackTeamCountry "GER"]

1. c4 c5 2. Nc3 Nc6 3. g3 Nf6 4. Bg2 g6 5. d3 Bg7 6. e4 d6 7. Nge2 0-0 8. 0-0 a6 9. a3 Rb8 10. a4 Bg4 11. f3 Bd7 12. Be3 Ne8 13. Qd2 e6 14. Rab1 Nb4 15. b3 Nc7 16. d4 b6 17. Rfd1 Bc6 18. dxc5 dxc5 19. a5 bxa5 20. Bxc5 Re8 21. Qf4 Qc8 22. Na4 e5 23. Qe3 Ne6 24. Nb6 Qb7 25. Nd5 Nc2 26. Qf2 Ncd4 27. Bd6 Rbd8 28. Nxd4 Rxd6 29. Nxc6 Rxc6 1/2-1/2

[Event "Mecklenburg VP LL2 Ost 1011"]
[Site "Mecklenburg VP"]
[Date "2010.12.12"]
[Round "4.5"]
[White "Heyden, Wolfgang"]
[Black "Zapnik, Gordon"]
[Result "0-1"]
[WhiteElo "1735"]
[BlackElo "1656"]
[PlyCount "121"]
[EventDate "2010.10.10"]
[EventType "team-tourn"]
[EventRounds "9"]
[EventCountry "GER"]
[SourceTitle "EXT 2022"]
[Source "ChessBase"]
[SourceDate "2021.10.06"]
[SourceVersion "1"]
[SourceVersionDate "2021.10.06"]
[SourceQuality "1"]
[WhiteTeam "Ribnitz Damgarten"]
[BlackTeam "Waterkant Saal SV"]
[WhiteTeamCountry "GER"]
[BlackTeamCountry "GER"]

1. c4 e5 2. Nc3 Nc6 3. g3 Nf6 4. Bg2 Be7 5. e4 0-0 6. Nge2 Bc5 7. Na4 Be7 8. 0-0 d6 9. d3 Bg4 10. f3 Bd7 11. Bd2 Qc8 12. a3 Bh3 13. Nac3 Bxg2 14. Kxg2 Re8 15. b4 a6 16. Nd5 Nd4 17. Nxe7+ Rxe7 18. Nxd4 exd4 19. a4 c5 20. Qb3 h6 21. Rab1 Rb8 22. bxc5 dxc5 23. Bf4 Ra8 24. Qb6 Nh5 25. Bd6 Re6 26. Qxc5 Qd7 27. e5 Qxa4 28. Rf2 b5 29. cxb5 axb5 30. Qxb5 g5 31. Qxa4 Rxa4 32. f4 gxf4 33. gxf4 f5 34. Rb4 Rxb4 35. Bxb4 Kf7 36. Kf3 Rg6 37. Bd2 Ra6 38. Bb4 Rg6 39. Rb2 Ng7 40. Ra2 Ne6 41. Ra7+ Kg8 42. Re7 h5 43. h3 Ng7 44. Rd7 Ne6 45. Rd6 Kf7 46. Be1 Rg1 47. Bf2 Rh1 48. h4 Rh3+ 49. Bg3 Rh1 50. Rd7+ Kg6 51. Re7 Nc5 52. Re8 Rd1 53. Rg8+ Kf7 54. Rg5 Rxd3+ 55. Ke2 Re3+ 56. Kd1 Ne4 57. Rxf5+ Kg6 58. Rf8 Nxg3 59. Rf6+ Kg7 60. Re6 Nf5 61. Rc6 0-1

[Event "Mecklenburg VP LL2 Ost 1011"]
[Site "Mecklenburg VP"]
[Date "2010.10.24"]
[Round "2.6"]
[White "Jeske, Holger"]
[Black "Heyden, Wolfgang"]
[Result "0-1"]
[WhiteElo "1755"]
[BlackElo "1735"]
[PlyCount "78"]
[EventDate "2010.10.10"]
[EventType "team-tourn"]
[EventRounds "9"]
[EventCountry "GER"]
[SourceTitle "EXT 2022"]
[Source "ChessBase"]
[SourceDate "2021.10.06"]
[SourceVersion "1"]
[SourceVersionDate "2021.10.06"]
[SourceQuality "1"]
[WhiteTeam "Rostock SSC 07 III"]
[BlackTeam "Ribnitz Damgarten"]
[WhiteTeamCountry "GER"]
[BlackTeamCountry "GER"]

1. e4 e5 2. c3 d6 3. d4 Be7 4. h3 f5 5. exf5 Bxf5 6. Qb3 exd4 7. Qxb7 Nd7 8. Qd5 Bg6 9. cxd4 Bf6 10. Bb5 Rb8 11. Nf3 Ne7 12. Qc4 c6 13. Ba4 d5 14. Qa6 0-0 15. 0-0 Qc7 16. Ng5 Rb6 17. Qe2 Qb7 18. Bc2 Bxg5 19. Bxg5 Nf5 20. Bxf5 Rxf5 21. Bc1 c5 22. f4 cxd4 23. g4 Rf8 24. f5 Bf7 25. Qd3 Re8 26. Qxd4 Rb4 27. Qf2 Nf6 28. Nd2 Ne4 29. Nxe4 Rbxe4 30. b3 d4 31. Bf4 Re2 32. Qg3 d3 33. Rf2 Qb6 34. Raf1 d2 35. Qg2 Qd4 36. Bxd2 Rxd2 37. Kh2 Qe5+ 38. Qg3 Rxf2+ 39. Rxf2 Qd4 0-1